| 000 | 00688cam a2200229 a 4500 | ||
|---|---|---|---|
| 008 | |||
| 020 | _a0443043760 (pbk.) | ||
| 049 | _aMAIN | ||
| 050 | 1 | 0 |
_aRC58 _bDAL |
| 100 | 1 | _aDalton, H.R. | |
| 245 | 1 | 0 |
_aFinal MB : _ba guide to success in clinical medicine / _cH.R. Dalton. |
| 260 |
_aEdinburgh : _bChurchill Livingstone, _c1991. |
||
| 300 |
_a216 p. : _bill. (some col.) ; _c22 cm. |
||
| 500 | _aIncludes index. | ||
| 650 | 0 |
_aInternal medicine _vExaminations, questions. |
|
| 650 | 2 |
_aClinical Medicine _vOutlines. |
|
| 907 |
_a.b10330689 _b29-05-13 _c14-05-13 |
||
| 003 | |||
| 005 | 20230120204123.0 | ||
| 040 | _cNUST | ||
| 942 | _cBOOKS | ||
| 999 |
_c117485 _d117485 |
||